00621nam a2200181Ia 4500952013100000999001700131003000400148005001700152008004100169040000900210082002200219100003500241245004700276260004400323300000900367650001300376942005000389 00102ddc40708SSaMESbMEScMALd2019-02-20g50.00l0o894.812301 POO/Mp29026r2019-02-20 00:00:00w2019-02-20yBKzGR30R3 c28391d28391OSt20210106100613.0190216s9999||||xx |||||||||||||| ||und|| coclc a894.812301bPOO/M aPoonkunnam, Unnikrishnan96532 0aMattoru Melanki /cUnnikrishnan Poonkunnam bPoorna Publications,aKozhikode:c2003. a104p aKathakal cBK2ddch894.812301iPOO/Mk894.812301mPOO/M